| 000 | 00781cam a22002291 4500 | ||
|---|---|---|---|
| 001 | sa 67006586 | ||
| 003 | DLC | ||
| 005 | 20260227112409.0 | ||
| 008 | 860719s1967 ii s000 0 eng | ||
| 010 | _asa 67006586 | ||
| 035 | _a(OCoLC)13905453 | ||
| 040 |
_aDLC _cCU _dCU _dDLC |
||
| 042 | _apremarc | ||
| 050 | 0 | 0 |
_aJQ620.M26 _bA583 1967 |
| 110 | 1 |
_aMaharashtra (India). _bLegislature. _bLegislative Council. |
|
| 245 | 1 | 0 | _aMaharashtra Legislative Assembly rules. |
| 250 | _a[4th ed.] | ||
| 260 |
_aBombay, _bDirector, Govt. Print. and Stationery, Maharashtra State, _c1967. |
||
| 300 |
_a6, xiv, 198 p. _c19 cm. |
||
| 500 | _aAt head of title: Maharashtra Legislature Secretariat. | ||
| 610 | 1 | 0 |
_aMaharashtra (India). _bLegislature. _bLegislative Council _xRules and practice. |
| 999 |
_c76057 _d76057 |
||